000 00559nam a2200193Ia 4500
005 20250326140846.0
008 250326s9999 xx 000 0 und d
020 _a0-314-20244-7
037 _aTextbook
040 _aFMSL
_beng
_cFMSL
041 _aeng
_2eng
084 _aX:9 N7
_qFMSL
100 _aKleman L S
_9743202
245 0 _aHuman resource management:tool for competitive advantage
_cKleman L S
260 _aNew York
_bNew York, West Publishing Company
_c1997
300 _a522p
942 _cTB
_hX:9 N7
999 _c1287608
_d1287608